000 00716nam a2200205Ia 4500
003 GCL
008 140319s9999 xx 000 0 ara d
040 _aGCL /
_cGCL
082 0 4 _a345.06
_bع ا
100 1 _aعزت مصطفى الدسوقى
245 1 0 _aاحكام جريمة الزنا فى القانون الوضعى والشريعة الاسلامية /
_cعزت مصطفى الدسوقى
260 _a[S.N] :
_bمكتبة النهضة المصرية ،
_c1990
300 _a302 ص
490 _a
650 0 4 _aالقانون الجنائى
650 0 4 _aقانون العقوبات
650 0 4 _aالقانون المدنى
650 0 4 _aقانون الاحوال الشخصية
942 _2ddc
_cBK
999 _c56138
_d56138